Compositions de la finale de la Ligue des Champions 2025. - Statistiques

Statistiques générales
  • Ce quiz a été pris 115 fois
  • Le résultat moyen est 22 sur 32
Statistiques - réponses
Réponse % Correct
{Désiré Doué}
98%
{Ousmane Dembélé}
98%
{Gianluigi Donnarumma}
97%
{Nuno Mendes}
95%
{Achraf Hakimi}
93%
{Marquinhos}
92%
{Joao Neves}
89%
{Vitinha}
89%
{Willian Pacho}
89%
{Yann Sommer}
87%
{Fabian Ruiz}
85%
{Lautaro Martinez}
85%
{Marcus Thuram}
83%
{Khvicha Kvaratskhelia}
82%
{Bradley Barcola}
81%
{Nicolo Barella}
76%
{Senny Mayulu}
75%
{Denzel Dumfries}
73%
{Francesco Acerbi}
73%
{Federico Dimarco}
69%
{Alessandro Bastoni}
65%
{Lucas Hernandez}
62%
{Warren Zaïre-Emery}
59%
{Benjamin Pavard}
57%
{Gonçalo Ramos}
56%
{Hakan Calhanoglu}
51%
{Henrikh Mkhitaryan}
43%
{Yann Aurel Bisseck}
31%
{Matteo Darmian}
18%
{Carlos Augusto}
16%
{Nicolas Zalewski}
13%
{Kristjan Asllani}
9%
Aucun quiz correspondant
Distribution des résultats
% des personnes avec chaque résultat
Percentile par nombre de réponses
Votre historique - résultats
Vous n’avez pas pris ce quiz